| 000 | 00564nam a22001937a 4500 | ||
|---|---|---|---|
| 005 | 20251108170830.0 | ||
| 008 | 250721s1990 xx 000 0 ara d | ||
| 082 | 1 | 4 | _aط/ 664.752/ خبز |
| 100 | 1 |
_aالخطيب، أحمد شفيق _etran. |
|
| 245 | 1 | 0 | _aالخبز / |
| 264 | 1 |
_aبيروت : _bمكتبة لبنان، _c1990. |
|
| 300 | _a32ص. | ||
| 490 | 0 |
_aكتب الفراشة _v33 |
|
| 650 | 1 | 7 | _aالخبز |
| 650 | 1 | 7 | _aصناعة الخبز |
| 653 | _aأطفال مرحلة متوسطة (6-9) سنوات | ||
| 942 |
_2ddc _cBK |
||
| 999 |
_c50055 _d50055 |
||